| Поле | Инд. | ПП | Название | Значение |
|---|---|---|---|---|
| Тип записи | a | |||
| Библиографический уровень | m | |||
| 001 | Контрольный номер | RU/LIBMSTU/307121603 | ||
| 005 | Дата корректировки | 20170818120741.9 | ||
| 008 | Кодируемые данные | 090929|||||||||ru |||||||||||000|||rus|| | ||
| 020 | a | ISBN | 978-5-903826-02-5 | |
| c | Цена, тираж | 350-00 | ||
| 040 | b | Код языка каталог. | rus | |
| 041 | 0_ | a | Код языка текста | rus |
| 084 | a | Индекс другой классификации/Индекс ББК | 33.36я7 | |
| 090 | a | Полочн. индекс | 33 | |
| x | Авторский знак | Н 62 | ||
| 100 | 1_ | a | Автор | Никишенко С. Л. |
| 245 | 10 | a | Заглавие | Нефтегазопромысловое оборудование |
| b | Продолж. заглавия | учеб. пособие | ||
| c | Ответственность | М-во энергетики Рос. Федерации, Упр. кадров и соц. политики | ||
| 250 | a | Основные сведения об издании | 2-е изд. | |
| 260 | a | Место издания | Волгоград | |
| b | Издательство | Ин-Фолио | ||
| c | Дата издания | 2008 | ||
| 300 | a | Объем | 414 с. | |
| b | Иллюстрации/ тип воспроизводства | ил. | ||
| 504 | a | Библиография | Библиогр.: с. 406-407 | |
| 650 | 04 | a | Основная рубрика | Нефтегазопромысловое оборудование-Учебные издания для среднего профессионального образования |
| 653 | 0_ | a | Ключевые слова | Насосы |
| a | Ключевые слова | Компрессоры | ||
| a | Ключевые слова | Механизация работ | ||
| a | Ключевые слова | Нефтегазопромысловое оборудование | ||
| a | Ключевые слова | Ремонт скважин | ||
| 901 | t | Тип документа | m | |
| 952 | b | Гриф литературы для ВШ | Допущено Управлением кадров и соц. политики Минэнерго России для ссузов | |
| c | Вид литературы | учебное пособие |